| 000 | 00791nam a2200217 a 4500 | ||
|---|---|---|---|
| 005 | 20241109063727.0 | ||
| 008 | 030812s19952001mx r 000 0 spa d | ||
| 020 | _a9586162265 | ||
| 035 | _aUPN01000127841 | ||
| 049 | _aCG | ||
| 050 | 4 |
_aK3240.4 _bA4.78 |
|
| 100 | 1 |
_aAlexy, Robert _925429 |
|
| 245 | 1 | 0 |
_aTeoría del discurso y derechos humanos / _cRobert Alexy ; tr. e introd. Luis Villar Borda. |
| 260 |
_aBogotá : _bUniversidad Externado de Colombia, _c1995 (2001 impr.). |
||
| 300 | _a138 p. | ||
| 440 | 0 |
_aSerie de teoría jurídica y filosofía del derecho ; _v1 |
|
| 534 |
_pTraducción de: _tJuristische interpretation und rationales diskurs y diskurstheorie und menschenrechte |
||
| 650 | 4 |
_aDerechos humanos _95797 |
|
| 650 | 4 |
_aDerecho _xFilosofía _99941 |
|
| 905 | _aLibro | ||
| 999 |
_c100020 _d100020 |
||